New Zealand 2026 FIFA World Cup Squad - Statistics

General Stats
  • This quiz has been taken 16 times
  • The average score is 1 of 27
Answer Stats
# Position Player % Correct
9 FW © Chris Wood
100%
6 MF Joe Bell
14%
13 DF Liberato Cacace
14%
10 MF Sarpreet Singh
7%
12 GK Alex Paulsen
0%
14 MF Alex Rufer
0%
19 MF Ben Old
0%
18 FW Ben Waine
0%
24 DF Callan Elliot
0%
20 MF Callum McCowatt
0%
Manager Darren Bazeley
0%
11 MF Elijah Just
0%
16 DF Finn Surman
0%
3 DF Francis de Vries
0%
21 FW Jesse Randall
0%
17 FW Kosta Barbarouses
0%
25 MF Lachlan Bayliss
0%
8 MF Marko Stamenić
0%
7 MF Matthew Garbett
0%
1 GK Max Crocombe
0%
5 DF Michael Boxall
0%
22 GK Michael Woud
0%
15 DF Nando Pijnaker
0%
23 MF Ryan Thomas
0%
2 DF Tim Payne
0%
26 DF Tommy Smith
0%
4 DF Tyler Bindon
0%
No matching quizzes found
Score Distribution
Percent of People with Each Score
Percentile by Number Answered
Your Score History
You have not taken this quiz